| 000 | 01580nam a2200493 i 4500 | ||
|---|---|---|---|
| 001 | 15807 | ||
| 003 | KOSZ 005 | ||
| 005 | 20210311111613.0 | ||
| 008 | 050826s1973 pl a |000 0 pol | ||
| 015 | _aUWD 1974/1968 | ||
| 035 | _a991027961379705066 | ||
| 035 | _a(PL-WaBN)b17574882-48omnis_nlop | ||
| 035 | _ab17574882 | ||
| 035 | _a(OCoLC)830685770 | ||
| 035 | _a(PL)b0000001757488 | ||
| 035 | _a(EXLNZ-48OMNIS_NETWORK)9910100921205606 | ||
| 040 |
_aWA N _cWA N _dKOSZ 005/HR |
||
| 041 | 0 | _apol | |
| 046 | _k1973 | ||
| 080 | _a621.313/.316-049.1 | ||
| 080 | _a(083.1) | ||
| 245 | 0 | 0 |
_aPoradnik montażu urządzeń elektrycznych : _bpraca zbiorowa / _caut. Jerzy Bigalke [i in.]. |
| 250 | _aWyd. 1, seria 2. | ||
| 260 |
_aWarszawa : _bWydawnictwa Naukowo-Techniczne, _c1973. |
||
| 300 |
_a775, [1] s. : _bil., tab., wykr. ; _c25 cm. |
||
| 336 |
_aTekst _btxt _2rdacontent |
||
| 337 |
_aBez urządzenia pośredniczącego _bn _2rdamedia |
||
| 338 |
_aWolumin _bnc _2rdacarrier |
||
| 380 | _aKsiążki | ||
| 380 | _aPublikacje fachowe | ||
| 388 | _a1901-2000 | ||
| 388 | _a1945-1989 | ||
| 504 | _aBibliogr. | ||
| 650 | 7 |
_aElektrotechnika _2DBN |
|
| 650 | 7 | _aUrządzenia | |
| 655 | 7 |
_aPoradnik _2DBN |
|
| 658 | _aInżynieria i technika | ||
| 650 | 7 | _aMontaż | |
| 700 | 1 |
_aBigalke, Jerzy _eAutor |
|
| 710 | 2 |
_aWydawnictwa Naukowo-Techniczne _4pbl |
|
| 856 |
_uhttp://koha.tu.koszalin.pl/cgi-bin/koha/opac-detail.pl?biblionumber=15807 _yKatalog online BPK |
||
| 942 |
_2UKD _cKS |
||
| 999 |
_c15807 _d15807 |
||